Normal view
MARC view
Entry Personal Name
001 - CONTROL NUMBER
- control field: 5481
003 - CONTROL NUMBER IDENTIFIER
- control field: ARRUPE
005 - DATE AND TIME OF LATEST TRANSACTION
- control field: 20131210172217.0
008 - FIXED-LENGTH DATA ELEMENTS
- fixed length control field: 131210|| aca||aabn | a|a d
040 ## - CATALOGING SOURCE
- Original cataloging agency: ARRUPE
- Transcribing agency: ARRUPE
100 ## - HEADING--PERSONAL NAME
- Personal name: Wyk, Van Barry
670 ## - SOURCE DATA FOUND
- Source citation: Work cat.: (ARRUPE): Wyk, Van Barry, The balance of power and the transition to democracy in South Africa, 2005